[Event "EUR-chT Seniors 65"]
[Site "Prague"]
[Date "2021.09.01"]
[Round "3.2"]
[White "Carlsten, Peter"]
[Black "Mojzis, Jaroslav"]
[Result "1/2-1/2"]
[WhiteElo "1945"]
[BlackElo "2030"]
[PlyCount "58"]
[EventDate "2021.08.30"]
[EventType "team-swiss"]
[EventRounds "9"]
[EventCountry "CZE"]
[SourceTitle "CBM 204 Extra"]
[Source "ChessBase"]
[SourceDate "2021.11.30"]
[SourceVersion "1"]
[SourceVersionDate "2021.11.30"]
[SourceQuality "1"]
[WhiteTeam "Sweden 65 II"]
[BlackTeam "Praha Chess Akademia 65"]
[WhiteTeamCountry "SWE"]
[BlackTeamCountry "CZE"]

1. e4 e5 2. Nf3 Nc6 3. Bb5 a6 4. Ba4 Nf6 5. 0-0 Be7 6. Re1 b5 7. Bb3 0-0 8. d4 d6 9. c3 Bg4 10. Be3 exd4 11. cxd4 d5 12. e5 Ne4 13. Nc3 Nxc3 14. bxc3 Na5 15. Bc2 Nc4 16. Qd3 g6 17. Bh6 Re8 18. h3 Bf5 19. Qe2 Bxc2 20. Qxc2 a5 21. Nd2 Nxd2 22. Bxd2 c5 23. f4 Qb6 24. Qd3 b4 25. Rf1 bxc3 26. Bxc3 cxd4 27. Bxd4 Bc5 28. Rfd1 Rac8 29. Kh2 Qe6 1/2-1/2

[Event "WchT Seniors 65"]
[Site "Prague"]
[Date "2020.03.09"]
[Round "4.13"]
[White "Scrimgour, Alan"]
[Black "Carlsten, Peter"]
[Result "1/2-1/2"]
[WhiteElo "2059"]
[BlackElo "1922"]
[PlyCount "45"]
[EventDate "2020.03.06"]
[EventType "team-swiss"]
[EventRounds "7"]
[EventCountry "CZE"]
[SourceTitle "CBM 195 Extra"]
[Source "ChessBase"]
[SourceDate "2020.05.31"]
[SourceVersion "1"]
[SourceVersionDate "2020.05.31"]
[SourceQuality "1"]
[WhiteTeam "Scotland 65"]
[BlackTeam "Sweden 65 II"]
[WhiteTeamCountry "SCO"]
[BlackTeamCountry "SWE"]

1. e4 c5 2. Nf3 Nc6 3. b3 d6 4. Bb2 Nf6 5. Nc3 Bg4 6. Bb5 e6 7. h3 Bh5 8. d4 cxd4 9. Qxd4 Qa5 10. 0-0-0 Bxf3 11. gxf3 a6 12. Bxc6+ bxc6 13. Rhg1 Nd7 14. f4 0-0-0 15. Na4 c5 16. Bc3 Qb5 17. Qd2 Rg8 18. Ba5 Re8 19. c4 Qc6 20. f3 f6 21. Qd3 g6 22. Kb1 Be7 23. Rd2 1/2-1/2

[Event "Wch Seniors 65 29th"]
[Site "Bucharest"]
[Date "2019.11.20"]
[Round "8"]
[White "Ani, Virgil"]
[Black "Carlsten, Peter"]
[Result "0-1"]
[WhiteElo "1497"]
[BlackElo "2000"]
[PlyCount "100"]
[EventDate "2019.11.12"]
[EventType "swiss"]
[EventRounds "11"]
[EventCountry "ROU"]
[SourceTitle "CBM 193 Extra"]
[Source "ChessBase"]
[SourceDate "2020.01.31"]
[SourceVersion "1"]
[SourceVersionDate "2020.01.31"]
[SourceQuality "1"]

1. a3 g6 2. Nf3 Bg7 3. e4 c5 4. Bc4 Nc6 5. 0-0 Nf6 6. d3 0-0 7. Nc3 e6 8. Bg5 h6 9. Bh4 g5 10. Bg3 d5 11. exd5 Nxd5 12. Bxd5 exd5 13. Re1 Bg4 14. Rb1 Nd4 15. Kf1 Nxf3 16. gxf3 Bh3+ 17. Kg1 d4 18. Ne4 f5 19. Nxc5 f4 20. Ne6 Bxe6 21. Rxe6 Qd7 22. Qe2 Rae8 23. Re1 Rxe6 24. Qxe6+ Qxe6 25. Rxe6 Kf7 26. Rd6 Re8 27. Kf1 Re6 28. Rd8 Ke7 29. Rc8 Rc6 30. Rb8 Rc7 31. Ke1 Be5 32. Ra8 Rxc2 33. Rxa7 Rxb2 34. Ra5 Kd6 35. a4 b6 36. Ra6 Kc5 37. Ra8 Ra2 38. Rc8+ Kd5 39. Rc4 Bd6 40. Rc8 fxg3 41. hxg3 Bb4+ 42. Kf1 Rxa4 43. Rh8 Ra1+ 44. Kg2 b5 45. Rxh6 Bd6 46. Rh5 b4 47. Rxg5+ Kc6 48. Rg4 b3 49. Rxd4 b2 50. Rc4+ Kd7 0-1

[Event "Wch Seniors 65 29th"]
[Site "Bucharest"]
[Date "2019.11.19"]
[Round "7"]
[White "Carlsten, Peter"]
[Black "Florea, Dorina"]
[Result "0-1"]
[WhiteElo "2000"]
[BlackElo "1747"]
[PlyCount "94"]
[EventDate "2019.11.12"]
[EventType "swiss"]
[EventRounds "11"]
[EventCountry "ROU"]
[SourceTitle "CBM 193 Extra"]
[Source "ChessBase"]
[SourceDate "2020.01.31"]
[SourceVersion "1"]
[SourceVersionDate "2020.01.31"]
[SourceQuality "1"]

1. e4 c5 2. Nf3 d6 3. Bb5+ Bd7 4. Bxd7+ Nxd7 5. d4 cxd4 6. Qxd4 Ngf6 7. Nc3 g6 8. 0-0 Bg7 9. Bg5 0-0 10. Qd2 Rc8 11. Bh6 Qb6 12. Rab1 Rfe8 13. Bxg7 Kxg7 14. Rfe1 Qc5 15. h3 Nb6 16. e5 dxe5 17. Nxe5 Rcd8 18. Qf4 e6 19. Qxf6+ Kxf6 20. Ne4+ Kxe5 21. Nxc5+ Kf6 22. Nxb7 Rd2 23. Rbc1 Rc8 24. Nd6 Rxd6 25. Re2 Nc4 26. b3 Ne5 27. c4 Rcd8 28. f4 Nd3 29. Rf1 Rd4 30. g3 Nc5 31. Re5 Ne4 32. Kg2 Rd2+ 33. Kf3 Nc3 34. Ra5 h5 35. Re1 R8d3+ 36. Re3 Rxe3+ 37. Kxe3 Rxa2 38. Rc5 Ra3 39. g4 Rxb3 40. Kd4 Ne2+ 41. Ke4 Rxh3 42. g5+ Kg7 43. Ra5 Rc3 44. Ra2 Nc1 45. Ra4 h4 46. Kd4 Ne2+ 47. Kc5 h3 0-1

[Event "Wch Seniors 65 29th"]
[Site "Bucharest"]
[Date "2019.11.16"]
[Round "5"]
[White "Ingham, H William"]
[Black "Carlsten, Peter"]
[Result "1-0"]
[WhiteElo "1822"]
[BlackElo "2000"]
[PlyCount "63"]
[EventDate "2019.11.12"]
[EventType "swiss"]
[EventRounds "11"]
[EventCountry "ROU"]
[SourceTitle "CBM 193 Extra"]
[Source "ChessBase"]
[SourceDate "2020.01.31"]
[SourceVersion "1"]
[SourceVersionDate "2020.01.31"]
[SourceQuality "1"]

1. d4 f5 2. Nf3 Nf6 3. Bg5 Ne4 4. h4 c5 5. e3 Qb6 6. Nbd2 Nxd2 7. Nxd2 cxd4 8. Bc4 dxe3 9. fxe3 e6 10. Bb3 Nc6 11. Nc4 Qc5 12. e4 fxe4 13. Be3 Qd5 14. Qe2 Qf5 15. 0-0-0 h5 16. Rhf1 Qg6 17. Bg5 d5 18. Rxf8+ Rxf8 19. Nd6+ Kd7 20. Nb5 Rf5 21. Qe3 a6 22. Nc3 Ne7 23. Nxe4 Rxg5 24. Nxg5 Nf5 25. Qb6 Nxh4 26. Nxe6 Ke7 27. Qd8+ Kxe6 28. Qxd5+ Kf6 29. Qd8+ Kf5 30. Rf1+ Kg4 31. Qd4+ Kg5 32. Qf4# 1-0

[Event "EUR-chT Seniors 65"]
[Site "Mali Losinj"]
[Date "2019.09.24"]
[Round "7.1"]
[White "Vadlja, Stjepan"]
[Black "Carlsten, Peter"]
[Result "0-1"]
[WhiteElo "1636"]
[BlackElo "1986"]
[PlyCount "120"]
[EventDate "2019.09.18"]
[EventType "team-swiss"]
[EventRounds "9"]
[EventCountry "CRO"]
[SourceTitle "EXT 2020"]
[Source "ChessBase"]
[SourceDate "2019.10.17"]
[SourceVersion "1"]
[SourceVersionDate "2019.10.17"]
[SourceQuality "1"]
[WhiteTeam "Mursko Sredisce 65"]
[BlackTeam "Sweden 65 III"]
[WhiteTeamCountry "CRO"]
[BlackTeamCountry "SWE"]

1. d4 f5 2. c4 Nf6 3. Nc3 g6 4. Nf3 Bg7 5. e3 0-0 6. Be2 d6 7. Qb3 e6 8. 0-0 Qe7 9. h3 c6 10. Bd3 Kh8 11. Bd2 e5 12. dxe5 dxe5 13. Nh2 Rd8 14. Qc2 Qd6 15. Qb3 Qxd3 16. Rad1 Qd6 17. Nf3 Qc7 18. c5 Qe7 19. Na4 Be6 20. Qc2 Nbd7 21. Ba5 Rf8 22. Bc7 Ne8 23. Bd6 Nxd6 24. cxd6 Qf6 25. b3 Rfd8 26. Rd2 Bd5 27. Rfd1 Qxd6 28. Nc3 Nf6 29. Ng5 Qe7 30. Nxd5 Nxd5 31. Nf3 Nb6 32. a4 Nd5 33. Qc4 Bf6 34. g3 Kg7 35. Kg2 Nb6 36. Qc2 Rxd2 37. Qxd2 Qe6 38. Qc2 Rd8 39. Re1 Qd5 40. e4 fxe4 41. Rxe4 Qd3 42. Qxd3 Rxd3 43. Nxe5 Rxb3 44. Ng4 Nd5 45. Re8 h5 46. Nh2 Kf7 47. Ra8 a6 48. a5 Rb5 49. Nf3 Rxa5 50. h4 Ra2 51. Ng5+ Bxg5 52. hxg5 a5 53. Ra7 Rb2 54. Rxa5 Ne3+ 55. Kf3 Ng4 56. Ra7 Rxf2+ 57. Ke4 Rb2 58. Kd4 Ke6 59. Ra8 Kf5 60. Kc3 Rb5 0-1

[Event "EUR-chT Seniors 65"]
[Site "Mali Losinj"]
[Date "2019.09.23"]
[Round "6.1"]
[White "Carlsten, Peter"]
[Black "Lofgren, Claes"]
[Result "1-0"]
[WhiteElo "1986"]
[BlackElo "2059"]
[PlyCount "67"]
[EventDate "2019.09.18"]
[EventType "team-swiss"]
[EventRounds "9"]
[EventCountry "CRO"]
[SourceTitle "EXT 2020"]
[Source "ChessBase"]
[SourceDate "2019.10.17"]
[SourceVersion "1"]
[SourceVersionDate "2019.10.17"]
[SourceQuality "1"]
[WhiteTeam "Sweden 65 III"]
[BlackTeam "Roskilde Skive 65"]
[WhiteTeamCountry "SWE"]
[BlackTeamCountry "DEN"]

1. e4 c5 2. Nf3 e6 3. d4 cxd4 4. Nxd4 a6 5. Nc3 Qc7 6. Be2 Nf6 7. 0-0 b5 8. Bf3 e5 9. Nf5 b4 10. Nd5 Nxd5 11. Qxd5 Bb7 12. Qd3 Nc6 13. Be3 g6 14. Ng3 Be7 15. Rfd1 d6 16. Nf1 0-0 17. Bh6 Rfd8 18. c3 a5 19. Ne3 Na7 20. Rac1 Qb6 21. Be2 Rac8 22. Nc4 Qb5 23. Be3 Nc6 24. Qc2 Ba6 25. Bb6 Nb8 26. Bxd8 Bxd8 27. Nxd6 Qxe2 28. Nxc8 Bg5 29. Qxe2 Bxe2 30. Re1 Ba6 31. cxb4 Bxc1 32. Rxc1 axb4 33. Nb6 Kg7 34. Nd5 1-0

[Event "EUR-chT Seniors 65"]
[Site "Mali Losinj"]
[Date "2019.09.18"]
[Round "1.6"]
[White "Carlsten, Peter"]
[Black "Beilfuss, Wilfried"]
[Result "0-1"]
[WhiteElo "1986"]
[BlackElo "2192"]
[PlyCount "112"]
[EventDate "2019.09.18"]
[EventType "team-swiss"]
[EventRounds "9"]
[EventCountry "CRO"]
[SourceTitle "EXT 2020"]
[Source "ChessBase"]
[SourceDate "2019.10.17"]
[SourceVersion "1"]
[SourceVersionDate "2019.10.17"]
[SourceQuality "1"]
[WhiteTeam "Sweden 65 III"]
[BlackTeam "Bielefeld Rochade 65"]
[WhiteTeamCountry "SWE"]
[BlackTeamCountry "GER"]

1. e4 c5 2. c3 d5 3. exd5 Qxd5 4. d4 e6 5. Nf3 Nf6 6. Be2 Nc6 7. 0-0 cxd4 8. cxd4 Be7 9. Nc3 Qd8 10. Bf4 0-0 11. Rc1 b6 12. Qd2 Bb7 13. a3 Rc8 14. b4 a5 15. b5 Nb8 16. a4 Bb4 17. Qd3 Nd5 18. Ng5 Nf6 19. Bf3 Bxf3 20. Nxf3 Nbd7 21. Rfd1 Qe7 22. Bg5 h6 23. Bh4 Bxc3 24. Rxc3 Qb4 25. Ra3 Nd5 26. Rb1 Qc4 27. Nd2 Qxd3 28. Rxd3 Rc2 29. Nb3 Rfc8 30. Ra1 Rb2 31. h3 Rcc2 32. Nc1 Nc3 33. Kh2 Nxa4 34. Rxa4 Rxc1 35. d5 Nc5 36. d6 Nd7 37. Bd8 Rxb5 38. Rad4 Rc2 39. Rd2 Rbb2 40. Rxc2 Rxc2 41. Kg3 f5 42. Bxb6 Nxb6 43. d7 Nxd7 44. Rxd7 Kf8 45. Ra7 Ra2 46. h4 a4 47. f4 a3 48. Kf3 Ra1 49. g3 g6 50. Kg2 Ke8 51. Kh2 Kd8 52. Kg2 Kc8 53. Kh2 Kb8 54. Ra6 Kb7 55. Rxe6 Rb1 56. Re3 a2 0-1

[Event "Stockholm op"]
[Site "Stockholm"]
[Date "2019.08.18"]
[Round "9"]
[White "Carlsten, Peter"]
[Black "Eriksson, Johan"]
[Result "1/2-1/2"]
[WhiteElo "1992"]
[BlackElo "2398"]
[PlyCount "120"]
[EventDate "2019.08.12"]
[EventType "swiss"]
[EventRounds "9"]
[EventCountry "SWE"]
[SourceTitle "EXT 2020"]
[Source "ChessBase"]
[SourceDate "2019.10.17"]
[SourceVersion "1"]
[SourceVersionDate "2019.10.17"]
[SourceQuality "1"]

1. e4 c5 2. Nf3 d6 3. Bb5+ Bd7 4. Bxd7+ Qxd7 5. 0-0 Nf6 6. e5 dxe5 7. Nxe5 Qc8 8. Qf3 Nbd7 9. Nxd7 Qxd7 10. Re1 e6 11. d3 Be7 12. Nd2 0-0 13. Nc4 Rad8 14. a4 Nd5 15. Ne3 Nb4 16. Bd2 Nc6 17. Bc3 f6 18. Qh3 Rf7 19. Nc4 e5 20. Qxd7 Rxd7 21. Re2 Bd8 22. f3 b6 23. b3 Bc7 24. h3 Rf8 25. Kf2 Kf7 26. Ree1 Rfd8 27. Re2 a6 28. Ree1 Rb8 29. Ra2 h5 30. Nd2 Bd8 31. Raa1 h4 32. Re4 g5 33. Re2 Be7 34. Nc4 Bd8 35. Kf1 Bc7 36. Nd2 Nd8 37. Ne4 Ne6 38. Ree1 Rc8 39. Ra2 Bd8 40. Bd2 Be7 41. Be3 Rcc7 42. Nd2 b5 43. Rea1 Ng7 44. Ke2 Nf5 45. axb5 axb5 46. Ra5 Rb7 47. Bf2 Nd4+ 48. Bxd4 cxd4 49. Ra6 f5 50. Rc6 Ra7 51. Rxa7 Rxa7 52. Rb6 Ra2 53. Kd1 Ra1+ 54. Ke2 Rg1 55. Kf2 Rc1 56. Rxb5 Rxc2 57. Ke2 Ra2 58. Kd1 Ra1+ 59. Ke2 Ra2 60. Kd1 Rc2 1/2-1/2

[Event "WchT Seniors 65"]
[Site "Rhodes"]
[Date "2019.04.23"]
[Round "8.9"]
[White "Thornton, John D"]
[Black "Carlsten, Peter"]
[Result "1/2-1/2"]
[WhiteElo "2061"]
[BlackElo "2002"]
[PlyCount "30"]
[EventDate "2019.04.16"]
[EventType "team-swiss"]
[EventRounds "9"]
[EventCountry "GRE"]
[SourceTitle "CBM 190 Extra"]
[Source "ChessBase"]
[SourceDate "2019.07.15"]
[SourceVersion "1"]
[SourceVersionDate "2019.07.15"]
[SourceQuality "1"]
[WhiteTeam "Wales"]
[BlackTeam "Sweden III"]
[WhiteTeamCountry "WLS"]
[BlackTeamCountry "SWE"]

1. e4 d6 2. d4 Nf6 3. Nc3 e5 4. Nf3 Nbd7 5. Bc4 Be7 6. 0-0 0-0 7. a4 a5 8. Re1 c6 9. Bb3 exd4 10. Qxd4 Nc5 11. Bc4 Be6 12. Bxe6 Nxe6 13. Qd2 Re8 14. b3 Qc7 15. Bb2 Rad8 1/2-1/2

[Event "EU-chT Seniors 65"]
[Site "Walbrzych"]
[Date "2018.04.22"]
[Round "9.4"]
[White "Nilsson, Christer1111"]
[Black "Carlsten, Peter"]
[Result "1/2-1/2"]
[WhiteElo "1931"]
[BlackElo "2010"]
[PlyCount "34"]
[EventDate "2018.04.14"]
[EventType "team-swiss"]
[EventRounds "9"]
[EventCountry "POL"]
[SourceTitle "CBM 184 Extra"]
[Source "ChessBase"]
[SourceDate "2018.06.28"]
[SourceVersion "1"]
[SourceVersionDate "2018.06.28"]
[SourceQuality "1"]
[WhiteTeam "Sweden 65 II"]
[BlackTeam "Sweden 65"]
[WhiteTeamCountry "FIN"]
[BlackTeamCountry "SWE"]

1. e4 e5 2. Nf3 Nc6 3. Bc4 Bc5 4. d3 Nf6 5. c3 0-0 6. 0-0 d6 7. a4 a5 8. Qb3 h6 9. Na3 Nd7 10. Qd1 Nb6 11. Bb3 Bg4 12. Be3 Bxe3 13. fxe3 Qe7 14. Qe1 Be6 15. Bc2 Rad8 16. Qg3 Kh7 17. Rf2 g6 1/2-1/2

[Event "EU-chT Seniors 65"]
[Site "Walbrzych"]
[Date "2018.04.21"]
[Round "8.4"]
[White "Carlsten, Peter"]
[Black "Meskanen, Vesa"]
[Result "1/2-1/2"]
[WhiteElo "2010"]
[BlackElo "2066"]
[PlyCount "69"]
[EventDate "2018.04.14"]
[EventType "team-swiss"]
[EventRounds "9"]
[EventCountry "POL"]
[SourceTitle "CBM 184 Extra"]
[Source "ChessBase"]
[SourceDate "2018.06.28"]
[SourceVersion "1"]
[SourceVersionDate "2018.06.28"]
[SourceQuality "1"]
[WhiteTeam "Sweden 65"]
[BlackTeam "Finland 65"]
[WhiteTeamCountry "SWE"]
[BlackTeamCountry "FIN"]

1. e4 c5 2. Nf3 d6 3. d4 cxd4 4. Nxd4 Nf6 5. Nc3 g6 6. Be3 Bg7 7. f3 Nc6 8. Qd2 h5 9. 0-0-0 Bd7 10. Kb1 a6 11. a3 b5 12. Be2 Ne5 13. h3 Rb8 14. f4 Nc4 15. Bxc4 bxc4 16. Qe2 Qc7 17. Bc1 e5 18. Nf3 0-0 19. fxe5 dxe5 20. Rhf1 Qa5 21. Ka2 Rb7 22. Ng5 Rfb8 23. Nd5 c3 24. b3 Nxd5 25. Rxd5 Bb5 26. Qf3 Qc7 27. Rfd1 Bc6 28. Rc5 Rb5 29. Rxc6 Qxc6 30. Qxf7+ Kh8 31. Rd7 Qf6 32. Qc4 Rf8 33. Nf7+ Kh7 34. Ng5+ Kh8 35. Nf7+ 1/2-1/2

[Event "EU-chT Seniors 65"]
[Site "Walbrzych"]
[Date "2018.04.18"]
[Round "5.4"]
[White "Lisenko, Alexander V"]
[Black "Carlsten, Peter"]
[Result "1/2-1/2"]
[WhiteElo "2368"]
[BlackElo "2010"]
[PlyCount "51"]
[EventDate "2018.04.14"]
[EventType "team-swiss"]
[EventRounds "9"]
[EventCountry "POL"]
[SourceTitle "CBM 184 Extra"]
[Source "ChessBase"]
[SourceDate "2018.06.28"]
[SourceVersion "1"]
[SourceVersionDate "2018.06.28"]
[SourceQuality "1"]
[WhiteTeam "Russia 65"]
[BlackTeam "Sweden 65"]
[WhiteTeamCountry "RUS"]
[BlackTeamCountry "SWE"]

1. Nf3 d6 2. d4 f5 3. c4 Nf6 4. g3 g6 5. Bg2 Bg7 6. 0-0 0-0 7. Nc3 Qe8 8. d5 Na6 9. Nd4 Bd7 10. Rb1 c6 11. b3 Nc7 12. Ba3 c5 13. Nf3 b5 14. cxb5 Nxb5 15. Nxb5 Bxb5 16. Ng5 Bd7 17. Bb2 Qc8 18. Ne6 Bxe6 19. dxe6 Rb8 20. Bxf6 Bxf6 21. Bd5 Qa6 22. Qd2 Kg7 23. Rbc1 Rb4 24. Rc4 Rxc4 25. Bxc4 Qa3 26. Rc1 1/2-1/2

[Event "Stockholm op"]
[Site "Stockholm"]
[Date "2017.08.17"]
[Round "5"]
[White "Arman, Deniz"]
[Black "Carlsten, Peter"]
[Result "1-0"]
[WhiteElo "2270"]
[BlackElo "1980"]
[PlyCount "83"]
[EventDate "2017.08.15"]
[EventType "swiss"]
[EventRounds "9"]
[EventCountry "SWE"]
[SourceTitle "CBM 180 Extra"]
[Source "ChessBase"]
[SourceDate "2017.10.06"]
[SourceVersion "1"]
[SourceVersionDate "2017.10.06"]
[SourceQuality "1"]

1. e4 d6 2. d4 Nf6 3. Nc3 e5 4. Nf3 Nbd7 5. Bc4 Be7 6. Ng5 0-0 7. Bxf7+ Rxf7 8. Ne6 Qe8 9. Nxc7 Qd8 10. Nxa8 b5 11. dxe5 dxe5 12. Nd5 Bd6 13. Nxf6+ Nxf6 14. Qe2 Bb7 15. f3 b4 16. Qc4 Qxa8 17. Be3 a5 18. 0-0-0 Bf8 19. Bb6 Qc8 20. Qxc8 Bxc8 21. Rd8 Be6 22. Bxa5 Rb7 23. Rhd1 Kf7 24. b3 Ra7 25. Rxf8+ Kxf8 26. Bxb4+ Ke8 27. Kb2 Nd7 28. Rd6 Bf7 29. c4 Rb7 30. a3 Nb6 31. Kc3 Nc8 32. Rc6 Ne7 33. Bxe7 Kxe7 34. a4 Rd7 35. Rc5 Rd1 36. Rxe5+ Kd6 37. Rg5 g6 38. a5 Ra1 39. Kb2 Re1 40. a6 Be8 41. Rd5+ Kc7 42. a7 1-0

[Event "Gibraltar Masters 15th"]
[Site "Caleta"]
[Date "2017.01.31"]
[Round "8"]
[White "Carlsten, Peter"]
[Black "Miracola, Giorgia"]
[Result "1-0"]
[WhiteElo "2047"]
[BlackElo "1924"]
[PlyCount "81"]
[EventDate "2017.01.24"]
[EventType "swiss"]
[EventRounds "10"]
[EventCountry "GGB"]
[SourceTitle "CBM 177"]
[Source "ChessBase"]
[SourceDate "2017.03.16"]
[SourceVersion "1"]
[SourceVersionDate "2017.03.16"]
[SourceQuality "1"]

1. e4 g6 2. d4 Bg7 3. Nc3 c5 4. Nf3 Qa5 5. Be3 Nf6 6. Qd2 cxd4 7. Nxd4 a6 8. f3 0-0 9. 0-0-0 Nc6 10. Kb1 Qc7 11. g4 Rd8 12. h4 Nxd4 13. Bxd4 d6 14. g5 Nh5 15. Nd5 Qb8 16. Bb6 Rd7 17. Bf2 b5 18. Nb6 Rd8 19. Nxa8 Qxa8 20. Bb6 Rd7 21. Bh3 Rb7 22. Bd4 Bxh3 23. Bxg7 Kxg7 24. Rxh3 Qc8 25. Rh2 b4 26. Rc1 Qb8 27. Qd4+ Kg8 28. Rd2 Nf4 29. Qe3 Ne6 30. Rh1 Ng7 31. Re1 a5 32. Qd3 Ne6 33. Rh1 Nf4 34. Qe3 Nh5 35. Rhd1 Rb5 36. Rd5 a4 37. e5 Rxd5 38. Rxd5 Qb7 39. Rd3 d5 40. e6 f6 41. Qd4 1-0

[Event "Gibraltar Masters 15th"]
[Site "Caleta"]
[Date "2017.01.30"]
[Round "7"]
[White "Derakhshani, Borna"]
[Black "Carlsten, Peter"]
[Result "1-0"]
[WhiteElo "2195"]
[BlackElo "2047"]
[PlyCount "59"]
[EventDate "2017.01.24"]
[EventType "swiss"]
[EventRounds "10"]
[EventCountry "GGB"]
[SourceTitle "CBM 177"]
[Source "ChessBase"]
[SourceDate "2017.03.16"]
[SourceVersion "1"]
[SourceVersionDate "2017.03.16"]
[SourceQuality "1"]

1. d4 f5 2. Nc3 Nf6 3. Bg5 d5 4. e3 c6 5. Bd3 Qa5 6. Nge2 Ne4 7. Bxe4 fxe4 8. Nf4 Bf5 9. Qh5+ g6 10. Qh4 e5 11. Bf6 exf4 12. Bxh8 Ba3 13. 0-0 Bxb2 14. Rab1 Qxc3 15. Qxh7 Nd7 16. Bf6 Nxf6 17. Qh8+ Ke7 18. Qxa8 b5 19. Qxa7+ Bd7 20. exf4 Qxd4 21. Qb8 Ba3 22. Qh8 Kf7 23. f5 gxf5 24. Rb3 Bd6 25. Rh3 Bf4 26. Rh7+ Ke6 27. Qg7 Bd6 28. Qf7+ Ke5 29. Rh6 Ng4 30. Qg7+ 1-0

[Event "Gibraltar Challenger op-B"]
[Site "Caleta"]
[Date "2017.01.28"]
[Round "1"]
[White "Carlsten, Peter"]
[Black "Meszaros, Andras"]
[Result "0-1"]
[WhiteElo "2047"]
[BlackElo "2240"]
[PlyCount "98"]
[EventDate "2017.01.28"]
[EventType "swiss"]
[EventRounds "5"]
[EventCountry "GGB"]
[SourceTitle "EXT 2018"]
[Source "ChessBase"]
[SourceDate "2017.10.13"]
[SourceVersion "1"]
[SourceVersionDate "2017.10.13"]
[SourceQuality "1"]

1. e4 b6 2. d4 Bb7 3. Nc3 e6 4. a3 d5 5. exd5 exd5 6. Nf3 Nf6 7. Bg5 Be7 8. Be2 Ne4 9. Bxe7 Qxe7 10. 0-0 0-0 11. Re1 Nd7 12. Nb5 c6 13. Nc3 f5 14. Na2 Kh8 15. Nb4 Ndf6 16. Nd3 c5 17. c3 c4 18. Nde5 g5 19. Rf1 Qg7 20. Ne1 Rae8 21. f3 Nd6 22. f4 g4 23. g3 Nfe4 24. Ng2 Bc8 25. Re1 Be6 26. Bf1 Qc7 27. Nh4 Kg7 28. Bg2 Rb8 29. Bxe4 Nxe4 30. Qc2 b5 31. Ng2 a5 32. Ne3 Rb6 33. Nf1 Rfb8 34. Nd2 Qd8 35. Nxe4 dxe4 36. Re3 R8b7 37. Qd2 Bd5 38. Kf2 b4 39. axb4 axb4 40. Ra2 Qb8 41. Re2 bxc3 42. bxc3 Rb1 43. Ke3 R7b3 44. Rc2 Qa7 45. Re1 Qa1 46. Rxb1 Rxb1 47. Ra2 Re1+ 48. Kf2 e3+ 49. Qxe3 Rf1+ 0-1

[Event "Gibraltar Masters 15th"]
[Site "Caleta"]
[Date "2017.01.24"]
[Round "1"]
[White "Kantans, Toms"]
[Black "Carlsten, Peter"]
[Result "1-0"]
[WhiteElo "2456"]
[BlackElo "2047"]
[PlyCount "37"]
[EventDate "2017.01.24"]
[EventType "swiss"]
[EventRounds "10"]
[EventCountry "GGB"]
[SourceTitle "CBM 177"]
[Source "ChessBase"]
[SourceDate "2017.03.16"]
[SourceVersion "1"]
[SourceVersionDate "2017.03.16"]
[SourceQuality "1"]

1. e4 d6 2. d4 Nf6 3. Nc3 e5 4. Nf3 Nbd7 5. Bc4 Be7 6. 0-0 0-0 7. Re1 c6 8. a4 b6 9. Ba2 a6 10. h3 Bb7 11. Nh4 g6 12. Bh6 Re8 13. Nf3 Nh5 14. dxe5 dxe5 15. Qd3 Bf6 16. Rad1 Re7 17. Ng5 Nf4 18. Qd6 Bc8 19. Qxf6 1-0

[Event "Wch Seniors 65 26th"]
[Site "Marianske Lazne"]
[Date "2016.11.29"]
[Round "10"]
[White "Carlsten, Peter"]
[Black "Just, Pavel"]
[Result "1/2-1/2"]
[WhiteElo "2099"]
[BlackElo "1996"]
[PlyCount "45"]
[EventDate "2016.11.19"]
[EventType "swiss"]
[EventRounds "11"]
[EventCountry "CZE"]
[SourceTitle "CBM 175 Extra"]
[Source "ChessBase"]
[SourceDate "2016.12.12"]
[SourceVersion "1"]
[SourceVersionDate "2016.12.12"]
[SourceQuality "1"]

1. e4 e5 2. Nf3 Nc6 3. Bb5 Nf6 4. Nc3 d6 5. 0-0 Bd7 6. d4 exd4 7. Nxd4 Be7 8. Re1 Nxd4 9. Bxd7+ Nxd7 10. Qxd4 Bf6 11. Qe3 Bxc3 12. Qxc3 0-0 13. Be3 b6 14. a4 a5 15. Bd4 f6 16. Qh3 Qe7 17. Rad1 Rae8 18. Qc3 Rc8 19. b3 Rf7 20. f4 g6 21. Qg3 Re8 22. Qc3 Rc8 23. Qg3 1/2-1/2

[Event "Wch Seniors 65 26th"]
[Site "Marianske Lazne"]
[Date "2016.11.23"]
[Round "5"]
[White "Rucka, Alois"]
[Black "Carlsten, Peter"]
[Result "1-0"]
[WhiteElo "1953"]
[BlackElo "2099"]
[PlyCount "89"]
[EventDate "2016.11.19"]
[EventType "swiss"]
[EventRounds "11"]
[EventCountry "CZE"]
[SourceTitle "CBM 175 Extra"]
[Source "ChessBase"]
[SourceDate "2016.12.12"]
[SourceVersion "1"]
[SourceVersionDate "2016.12.12"]
[SourceQuality "1"]

1. d4 f5 2. c4 Nf6 3. Nf3 g6 4. g3 Bg7 5. Bg2 0-0 6. Nc3 d6 7. 0-0 Qe8 8. e3 c6 9. Qc2 e5 10. dxe5 dxe5 11. b3 e4 12. Nd4 Nbd7 13. Ba3 Rf7 14. Rad1 Ne5 15. Bd6 Rd7 16. c5 Nf7 17. Rfe1 Nxd6 18. cxd6 Rxd6 19. f3 exf3 20. Bxf3 Be6 21. Nxe6 Rxe6 22. Qd3 Qe7 23. Qc4 Nd7 24. Bd5 cxd5 25. Nxd5 Qf7 26. Nc7 Rae8 27. Nxe8 Qxe8 28. Rd6 Nf8 29. Red1 Qf7 30. Rxe6 Qxe6 31. Rd8 Qxc4 32. bxc4 b6 33. Ra8 Be5 34. Rxa7 Bd6 35. Kf2 Bc5 36. a4 g5 37. Ke2 Ng6 38. a5 bxa5 39. Rxa5 Be7 40. Rxf5 Nf8 41. c5 Ne6 42. c6 Kg7 43. Re5 Kf6 44. Rd5 h5 45. Rd7 1-0

[Event "Wch Seniors 65 26th"]
[Site "Marianske Lazne"]
[Date "2016.11.22"]
[Round "4"]
[White "Carlsten, Peter"]
[Black "Wibe, Per H"]
[Result "1-0"]
[WhiteElo "2099"]
[BlackElo "1805"]
[PlyCount "59"]
[EventDate "2016.11.19"]
[EventType "swiss"]
[EventRounds "11"]
[EventCountry "CZE"]
[SourceTitle "CBM 175 Extra"]
[Source "ChessBase"]
[SourceDate "2016.12.12"]
[SourceVersion "1"]
[SourceVersionDate "2016.12.12"]
[SourceQuality "1"]

1. e4 Nf6 2. Nc3 d6 3. d4 Nbd7 4. Nf3 e5 5. Bc4 h6 6. 0-0 c6 7. a4 Be7 8. Re1 0-0 9. a5 Nh7 10. Be3 Ng5 11. Nxg5 Bxg5 12. Qd2 exd4 13. Qxd4 Ne5 14. Bb3 Bf6 15. Qd2 Bg4 16. h3 Bf3 17. Bd4 Bg5 18. Be3 Qf6 19. Bxg5 hxg5 20. Re3 g4 21. hxg4 Qg5 22. Ne2 Qxg4 23. Ng3 g6 24. gxf3 Nxf3+ 25. Rxf3 Qxf3 26. Qxd6 Rad8 27. Qxg6+ Kh8 28. Qh6+ Kg8 29. Nf5 Qg4+ 30. Kh2 1-0